| 000 | 01359nam a2200289 a 4500 | ||
|---|---|---|---|
| 001 | 000021331 | ||
| 003 | DO-SdBNP | ||
| 005 | 20250116073945.0 | ||
| 008 | 100906s1993 dr 000 0 spa d | ||
| 040 |
_aDO-SdBNP _bspa _cBNPHU |
||
| 082 | 4 |
_a379.7293 _bC749me |
|
| 111 | 1 |
_aCongreso Nacional del Plan Decenal de Educación _d(1992 : _cSanto Domingo _n2-4 diciembre) _944568 |
|
| 245 | 1 | 0 |
_aMemorias del Congreso : _bponencias de las áreas. |
| 260 |
_aSanto Domingo : _bTaller, _c1993. |
||
| 300 |
_a2 v. : _bil., gráfcs. ; _c24 cm. |
||
| 500 | _aIncluye referencias bibliográficas y notas al pie de páginas. | ||
| 505 | 0 |
_av. 1. Calidad e innovación en la educación -- _tv. 2. Modernización, democracia y contexto. |
|
| 590 | _aInventariado, 2018/ YL | ||
| 650 | 4 |
_aPlanificación educativa _xCongresos, conferencias, etc. _944569 |
|
| 650 | 4 |
_aDesarrollo educativo _944570 _vCongresos, conferencias, etc. |
|
| 650 | 4 |
_aPlanificación estratégica _92433 _vCongresos, conferencias, etc. |
|
| 650 | 4 |
_aPolítica de educacion superior _zRepública Dominicana _944571 _vCongresos, conferencias, etc. |
|
| 650 | 4 |
_aEducación _zRepública Dominicana _935900 _vCongresos, conferencias, etc. |
|
| 710 | 1 |
_aRepública Dominicana. _bSecretaría de Estado de Educación, Bellas Artes y Cultos _923965 |
|
| 910 | _aValidado. Control de EMS | ||
| 942 |
_2ddc _cLBS1 |
||
| 999 |
_c20831 _d20831 |
||